مكتبة جامعة عجلون الوطنية

فهرس بحث المكتبة

Normal view MARC view
  • Special Education-Behaviour Disorders

Entry Topical Term

Number of records used in: 1

001 - CONTROL NUMBER

  • control field: 113

003 - CONTROL NUMBER IDENTIFIER

  • control field: JO-AjAnu

005 - DATE AND TIME OF LATEST TRANSACTION

  • control field: 20230606070323.0

008 - FIXED-LENGTH DATA ELEMENTS

  • fixed length control field: 230606|| aca||aabn | a|a d

040 ## - CATALOGING SOURCE

  • Original cataloging agency: JO-AjAnu
  • Transcribing agency: JO-AjAnu

150 ## - HEADING--TOPICAL TERM

  • Topical term or geographic name entry element: Special Education-Behaviour Disorders

670 ## - SOURCE DATA FOUND

  • Source citation: Work cat.: (JO-AjAnu)60: Arunachalam, N مؤلف/Gopal,Sri.R م.مشارك, author 112, Special Education: Self Instructional Module (SIM) On Behaviour Disorders